[Event "VII-E-1-1-R17-J1"]
[Site "http://www.queenalice.com/game.php?id=819413"]
[Date "2010.8.17"]
[Round "-"]
[White "Smurf"]
[Black "kalabric"]
[Result "0-1"]
[WhiteElo "1555"]
[BlackElo "1787"]

1. e4 e5 2. Nf3 Nc6 3. Bb5 Nf6 4. a3 Bc5 5. Bxc6 dxc6 6. Nxe5 Qe7 7. d4 Bd6 8.
Bf4 Nxe4 9. Qe2 Nf6 10. O-O O-O 11. Re1 c5 12. dxc5 Bxc5 13. Nd3 Qxe2 14. Rxe2
Bb6 0-1

[Event "VII-E-1-1-R18-J3"]
[Site "http://www.queenalice.com/game.php?id=819485"]
[Date "2010.8.17"]
[Round "-"]
[White "rxk"]
[Black "Smurf"]
[Result "1-0"]
[WhiteElo "1894"]
[BlackElo "1548"]

1. e4 c5 2. Nf3 Nc6 3. Bc4 e6 4. O-O Nf6 5. Nc3 a6 6. Re1 Be7 7. e5 Ng4 8. h3
Nh6 9. d3 Nf5 10. a3 d5 11. exd6 Nxd6 12. Ba2 Qb6 13. Be3 Nd4 14. b3 N6f5 15.
Ne5 Bd6 16. Nc4 Qc7 17. Ne4 Bd7 18. g4 Nh4 19. Ncxd6+ Kf8 20. Bxd4 cxd4 21. Rc1
Bc6 22. c4 Bxe4 23. Nxe4 f5 24. Ng5 Qc6 25. f3 Re8 26. Qe2 fxg4 27. fxg4 h6 28.
Qf2+ Ke7 29. Rxe6+ Qxe6 30. Nxe6 1-0

[Event "TORNEIO VII-E-1-1-R16-J4"]
[Site "http://www.queenalice.com/game.php?id=819670"]
[Date "2010.8.17"]
[Round "-"]
[White "Sheik3333"]
[Black "Smurf"]
[Result "1-0"]
[WhiteElo "1876"]
[BlackElo "1558"]

1. e4 c5 2. Nf3 Nc6 3. d4 cxd4 4. Nxd4 e5 5. Nxc6 bxc6 6. Bc4 h6 7. Qh5 Qf6 8.
Nd2 Bc5 9. Qf3 Qxf3 10. Nxf3 d6 11. O-O Bg4 12. Nd2 Nf6 13. h3 Bh5 14. Re1 1-0

[Event "TORNEIO VII-E-1-1-R-10-J2"]
[Site "http://www.queenalice.com/game.php?id=820105"]
[Date "2010.8.18"]
[Round "-"]
[White "Smurf"]
[Black "black13"]
[Result "0-1"]
[WhiteElo "1561"]
[BlackElo "1896"]

1. e4 e5 2. Nf3 d6 3. Nc3 Nc6 4. Bb5 Bd7 5. O-O a6 6. Bxc6 Bxc6 7. d3 Nf6 8. Bg5
Be7 9. Bxf6 Bxf6 10. h3 O-O 11. b3 h6 0-1

[Event "IV Copa XEA 2010"]
[Site "http://www.queenalice.com/game.php?id=835125"]
[Date "2010.9.19"]
[Round "1"]
[White "Smurf"]
[Black "ebelote"]
[Result "0-1"]
[WhiteElo "1546"]
[BlackElo "1632"]

1. e4 e5 2. Nf3 Nc6 3. Bb5 Qf6 4. Bxc6 dxc6 5. h3 Bc5 6. O-O b6 7. c3 Ne7 8. d4
exd4 9. cxd4 Ba6 10. Re1 Bb4 11. Nc3 Rd8 12. e5 Qf5 13. Nh4 Qd7 14. Be3 Nf5 15.
Nxf5 Qxf5 16. a3 Bxc3 17. bxc3 O-O 18. Qg4 Qxg4 19. hxg4 f6 20. exf6 Rxf6 0-1

[Event "VII torneio"]
[Site "http://www.queenalice.com/game.php?id=894915"]
[Date "2011.2.2"]
[Round "-"]
[White "Smurf"]
[Black "mteixeira"]
[Result "0-1"]
[WhiteElo "1533"]
[BlackElo "1676"]

1. e4 e5 2. Nf3 Nc6 3. d4 d5 4. exd5 Qxd5 5. Nc3 Bb4 6. Bd2 Bxc3 7. Bxc3 Bg4 8.
Be2 e4 9. Ng1 Nf6 10. Bxg4 Qg5 11. Bh3 Nd5 12. Ne2 Nxc3 13. Nxc3 Rd8 14. d5 Nb4
15. Qg4 Nxc2+ 16. Kd1 Qxg4+ 17. Bxg4 Nxa1 18. Kd2 b5 19. Rxa1 b4 20. Nxe4 Rxd5+
21. Kc2 f5 22. Bf3 fxe4 23. Bxe4 Rd4 24. Bc6+ Kd8 25. Re1 Rc4+ 26. Kb3 Rxc6 27.
Rd1+ Kc8 28. Kxb4 Rc2 0-1

[Event "Let's Play Chess!"]
[Site "http://www.queenalice.com/game.php?id=1324741"]
[Date "2014.11.27"]
[Round "-"]
[White "Smurf"]
[Black "FranciscoKunz"]
[Result "0-1"]
[WhiteElo "1520"]
[BlackElo "1655"]

1. e4 e5 2. Nf3 Nc6 3. d4 f6 4. d5 Nce7 5. Nc3 d6 6. Bb5+ Bd7 7. Bxd7+ Qxd7 8.
O-O O-O-O 9. a4 g5 10. h3 Bg7 11. Be3 Kb8 12. Nb5 a6 13. Na7 f5 14. exf5 Nxf5
15. Bxg5 Bf6 16. Bxf6 Nxf6 17. Nb5 axb5 18. axb5 Qxb5 19. c3 Qxb2 20. Qa4 c5 21.
Qa7+ Kc7 22. Rfb1 Ra8 23. Qxa8 Rxa8 24. Rxb2 Rxa1+ 25. Kh2 e4 26. Ng5 e3 27.
fxe3 Nxe3 28. Ne6+ Kb8 29. c4 Nxc4 30. Rb3 Nxd5 0-1

[Event "Let's Play Chess!"]
[Site "http://www.queenalice.com/game.php?id=1324758"]
[Date "2014.11.27"]
[Round "-"]
[White "carlosufpe"]
[Black "Smurf"]
[Result "1/2-1/2"]
[WhiteElo "1701"]
[BlackElo "1512"]

1. d4 d5 2. e3 a6 3. c4 e6 4. cxd5 exd5 5. Nf3 Nc6 6. Be2 Bf5 7. Bd3 Qf6 8. Bxf5
Qxf5 9. O-O Nf6 10. a3 Bd6 11. Qb3 b6 12. Nbd2 O-O 13. Qd1 Ne4 14. b4 a5 15. Qc2
Ne7 16. g3 Nxd2 17. Qxf5 Nxf5 18. Bxd2 axb4 19. Bxb4 Bxb4 20. axb4 f6 21. Rxa8
Rxa8 22. Kg2 Ra4 23. Rb1 g5 24. h4 gxh4 25. Nxh4 Nxh4+ 26. gxh4 Kg7 27. Rc1 Rxb4
28. Rxc7+ Kg6 29. Rb7 h5 30. Rd7 Rb5 31. Rd6 Kf7 32. f4 Ke7 33. Rc6 Rb2+ 34. Kf3
Rb3 35. Kf2 Rb2+ 36. Kg3 b5 37. Rb6 Rb3 38. Kf3 b4 39. Ke2 Kf7 40. Kf3 Kg6 41.
Rb5 Rb1 42. Rxd5 b3 43. Rb5 b2 44. Ke4 f5+ 45. Ke5 Re1 46. Rxb2 Rxe3+ 47. Kd6
Re4 48. d5 Rxf4 49. Rh2 Re4 50. Kd7 f4 51. d6 Rd4 52. Rg2+ Kh6 53. Rg8 f3 54.
Rf8 Rd3 55. Ke7 Kg7 56. Rf7+ Kg8 57. Rf6 Kg7 58. Rf4 Re3+ 59. Kd8 Kg6 60. d7 Kg7
1/2-1/2

[Event "Let's Play Chess!"]
[Site "http://www.queenalice.com/game.php?id=1324759"]
[Date "2014.11.27"]
[Round "-"]
[White "Smurf"]
[Black "carlosufpe"]
[Result "0-1"]
[WhiteElo "1523"]
[BlackElo "1658"]

1. e4 d6 2. d4 Nf6 3. Nc3 e6 4. Bg5 Be7 5. e5 dxe5 6. dxe5 Qxd1+ 7. Rxd1 Ng8 8.
Bxe7 Nxe7 9. Nb5 Na6 10. Na3 Nb4 11. c3 Nbc6 12. Bb5 O-O 13. Bxc6 Nxc6 14. Nf3
b6 15. O-O Bb7 16. Nb5 Ba6 17. Nxc7 Bxf1 18. Nxa8 Be2 19. Rd6 Bxf3 20. gxf3 Nxe5
21. Nc7 Nxf3+ 22. Kg2 Ne5 23. Nb5 Ra8 24. f4 Nc4 25. Rd7 Nxb2 26. Nc7 Rb8 27.
Na6 Ra8 28. Nc7 Rc8 29. Nb5 a6 30. Nd6 Ra8 31. Rb7 b5 32. Kf3 f6 33. a4 Nxa4 34.
Ne4 f5 35. Ng5 e5 36. fxe5 Nxc3 37. Kf4 h6 38. Ne6 a5 39. Rxg7+ Kh8 40. Kxf5 a4
41. Kg6 a3 42. Rh7+ Kg8 43. Rg7+ Kh8 44. Kxh6 a2 45. Nf4 Ra6+ 46. Ng6+ Rxg6+ 47.
Rxg6 a1=Q 48. Rf6 Kg8 49. e6 Nd5 50. Rg6+ Kf8 51. Kh7 Ne7 52. Rg5 b4 53. Rf5+
Nxf5 0-1

[Event "X-E-1-1-R7-J3"]
[Site "http://www.queenalice.com/game.php?id=1338953"]
[Date "2015.2.3"]
[Round "-"]
[White "Smurf"]
[Black "kalabric"]
[Result "1-0"]
[WhiteElo "1509"]
[BlackElo "1927"]

1. e4 e5 2. Nf3 Nc6 3. d4 exd4 4. Nxd4 Nf6 5. Nc3 Bc5 6. Be3 O-O 7. Nxc6 bxc6 8.
Bxc5 Re8 9. Bd3 d6 10. Bd4 d5 11. O-O dxe4 12. Bc4 Be6 13. Bxe6 Rxe6 14. Bxf6
Qxf6 15. Qd7 Qe7 16. Qxe7 Rxe7 17. Rfe1 Rae8 18. Re3 f5 19. Rae1 Kf7 20. f3 g5
21. fxe4 f4 22. Rf3 Kg6 23. g4 h5 24. gxh5+ Kxh5 25. Kf2 Rd8 26. Re2 Rf7 27. e5
g4 28. Rd3 Re8 29. Ne4 Kg6 30. Nf6 Rb8 31. Nxg4 Rxb2 32. e6 Re7 33. Rd7 Rxe6 34.
Rxe6+ Kf5 35. Rde7 Kxg4 36. Rf7 Rxc2+ 37. Re2 Rc3 38. Rxc7 a5 39. Rg7+ Kh3 40.
Re4 Rc2+ 41. Kf3 Kxh2 42. Rxf4 Rxa2 43. Rh4# 1-0

[Event "X-E-1-1-R9-J2"]
[Site "http://www.queenalice.com/game.php?id=1353750"]
[Date "2015.4.15"]
[Round "-"]
[White "Smurf"]
[Black "Newcobos"]
[Result "0-1"]
[WhiteElo "1562"]
[BlackElo "2242"]

1. e4 e5 2. Nf3 Nc6 3. d4 exd4 4. Nxd4 Bc5 5. Be3 Qf6 6. c3 Nge7 7. Qf3 Qxf3 8.
gxf3 Nxd4 9. Bxd4 Bxd4 10. cxd4 Nc6 11. d5 Nd4 12. Bd3 Nxf3+ 13. Kf1 d6 14. Kg2
Ne5 15. Be2 O-O 16. f4 Ng4 17. Bxg4 Bxg4 18. h3 Bh5 19. Nc3 a6 20. Rhe1 f6 21.
Re3 g5 22. f5 Be8 23. Rg1 Bd7 24. h4 h6 25. hxg5 hxg5 26. Rh3 Kg7 27. Kf3 Rh8
28. Rgh1 Rxh3+ 29. Rxh3 c6 30. Rh6 Kxh6 31. Kg4 Kg7 32. Ne2 cxd5 33. exd5 Rc8
0-1

[Event "X-E-1-1-R8-J2"]
[Site "http://www.queenalice.com/game.php?id=1359372"]
[Date "2015.5.13"]
[Round "-"]
[White "eductx"]
[Black "Smurf"]
[Result "1-0"]
[WhiteElo "2158"]
[BlackElo "1539"]

1. Nf3 c5 2. c4 Nc6 3. Nc3 Nf6 4. e3 e5 5. d4 e4 6. Ne5 cxd4 7. exd4 Bb4 8. Be2
d6 9. Nxc6 bxc6 10. O-O O-O 11. Bg5 Bxc3 12. bxc3 d5 13. Qa4 Qd6 14. c5 Qe6 15.
Rab1 Ng4 16. Bf4 e3 17. Bxg4 exf2+ 18. Rxf2 Qxg4 19. Qxc6 Be6 20. Bg3 Qg6 21.
Re1 Rac8 22. Qa6 Ra8 23. Rb2 Qf5 24. c6 Bc8 25. Qb5 a6 26. Qe2 Be6 27. c7 h6 28.
Rb8 h5 29. Rf1 Qg5 30. Rfb1 h4 31. Bd6 Re8 32. Rxa8 Rxa8 33. Rb8+ Kh7 34. Rxa8
Qc1+ 35. Kf2 Qg5 36. Qd3+ g6 37. Be5 Bf5 38. Rh8# 1-0

[Event "X-E-1-1-R12-J4"]
[Site "http://www.queenalice.com/game.php?id=1364808"]
[Date "2015.6.10"]
[Round "-"]
[White "Smurf"]
[Black "fflores"]
[Result "0-1"]
[WhiteElo "1572"]
[BlackElo "1710"]

1. e4 e5 2. Nf3 Nc6 3. d4 exd4 4. Nxd4 Nf6 5. Nc3 Nxd4 6. Qxd4 d6 7. Bc4 c5 8.
Qe3 Ng4 9. Qf4 g5 10. Qxg5 Qxg5 11. Bxg5 Bd7 12. h3 Ne5 13. Bd5 h6 14. Bf6 Rg8
15. Bxb7 Rb8 16. Bd5 Rxb2 17. Bxe5 dxe5 18. g4 Rxc2 19. Ne2 Be7 20. Kd1 Ba4 21.
Ke1 Bb5 22. Rc1 Rxe2+ 23. Kd1 Rxf2 24. Ke1 Bh4 25. Kd1 Ba4+ 0-1

[Event "X-E-1-1-R14-J4"]
[Site "http://www.queenalice.com/game.php?id=1365865"]
[Date "2015.6.16"]
[Round "-"]
[White "marreta7"]
[Black "Smurf"]
[Result "0-1"]
[WhiteElo "1526"]
[BlackElo "1559"]

1. e4 c5 2. Bc4 e6 3. d3 a6 4. a3 b5 5. Ba2 Bb7 6. h3 d5 7. exd5 Bxd5 8. Nf3 Nc6
9. Bxd5 exd5 10. O-O Be7 11. Re1 Nf6 12. Bg5 O-O 13. Nc3 d4 14. Ne4 Nxe4 15.
Rxe4 Bxg5 16. Nxg5 Qxg5 17. c4 Rae8 18. Rxe8 Rxe8 19. cxb5 axb5 20. a4 Ra8 21.
axb5 Rxa1 22. Qxa1 Nd8 23. b6 h6 24. Qa7 Qc1+ 25. Kh2 Qxb2 26. f3 Kh7 27. Qc7
Ne6 28. Qa7 Nf4 29. Kg3 Nh5+ 30. Kh4 Qd2 31. Kxh5 Qg5# 0-1

[Event "X-E-1-1-R15-J1"]
[Site "http://www.queenalice.com/game.php?id=1365866"]
[Date "2015.6.16"]
[Round "-"]
[White "Smurf"]
[Black "ebelote"]
[Result "1-0"]
[WhiteElo "1537"]
[BlackElo "1678"]

1. e4 e5 2. Nf3 Nc6 3. d4 exd4 4. Nxd4 Qf6 5. Nxc6 Qxc6 6. Nc3 Bb4 7. Qf3 Bxc3+
8. bxc3 Nf6 9. Bb2 d6 10. Bd3 Bg4 11. Qf4 Be6 12. O-O d5 13. e5 Ne4 14. Bxe4
dxe4 15. Rfe1 Bd5 16. Qg5 O-O 17. Rad1 Bxa2 18. Re3 Rad8 19. Rxd8 h6 20. Rxf8+
Kxf8 21. Qd8+ Qe8 22. Ba3+ Kg8 23. Qxe8+ 1-0

[Event "X-E-1-1-R16-J3"]
[Site "http://www.queenalice.com/game.php?id=1372791"]
[Date "2015.7.22"]
[Round "-"]
[White "kalabric"]
[Black "Smurf"]
[Result "1-0"]
[WhiteElo "1888"]
[BlackElo "1560"]

1. e4 c5 2. Nc3 d5 3. exd5 e5 4. Nf3 Bg4 5. Bb5+ Nd7 6. d3 Nf6 7. h3 Bxf3 8.
Qxf3 Bd6 9. O-O O-O 10. Re1 a6 11. Bxd7 Nxd7 12. Ne4 Nf6 13. Bg5 Be7 14. Bxf6
Bxf6 15. Nxc5 Qc7 16. Ne4 1-0

[Event "X-E-1-1-R17-J2"]
[Site "http://www.queenalice.com/game.php?id=1372806"]
[Date "2015.7.22"]
[Round "-"]
[White "Smurf"]
[Black "eductx"]
[Result "0-1"]
[WhiteElo "1574"]
[BlackElo "2179"]

1. e4 e5 2. Nf3 Nf6 3. d4 Nxe4 4. dxe5 d5 5. Bb5+ c6 6. Bd3 Be7 7. Bxe4 dxe4 8.
Qxd8+ Bxd8 9. Ng5 Bf5 10. Nc3 Ba5 11. Bd2 e3 12. Bxe3 Bxc2 13. O-O O-O 14. e6
fxe6 15. Nxe6 Re8 16. Nc5 b6 17. Nb3 Bb4 18. a3 Bxc3 19. bxc3 Bxb3 20. Rab1 Bd5
21. Rfd1 Be4 22. Rb4 c5 23. Rc4 Nc6 24. Rd6 Na5 25. Ra4 Rad8 26. Rxd8 Rxd8 27.
f3 Bc2 28. Rf4 Rd3 29. Re4 Rd1+ 0-1